Etika és munkamegosztás
Elmentve itt :
| Szerző: | |
|---|---|
| Adatforrás: | Philobibl |
| Forrásdokumentuma: | Fordulat 2003:tél p. 16-21. |
| Dokumentumtípus: | Cikk |
| Nyelv: | magyar |
| Kulcsszavak: | politikaelmélet Habermas, J. Durkheim, É. Smith, A. rendszer életvilág etika szolidaritás munkamegosztás |
| LEADER | 00558nab a2200217 c 4500 | ||
|---|---|---|---|
| 001 | bibPHI0042426 | ||
| 005 | 20200924124733.1 | ||
| 008 | 100217s2003 hu hun | ||
| 035 | |a human/philobibl/42424 | ||
| 100 | 1 | |a Szabó Linda | |
| 245 | 1 | 0 | |a Etika és munkamegosztás |c Szabó Linda |
| 695 | |a politikaelmélet | ||
| 695 | |a Habermas, J. | ||
| 695 | |a Durkheim, É. | ||
| 695 | |a Smith, A. | ||
| 695 | |a rendszer | ||
| 695 | |a életvilág | ||
| 695 | |a etika | ||
| 695 | |a szolidaritás | ||
| 695 | |a munkamegosztás | ||
| 773 | 0 | |t Fordulat |g 2003:tél p. 16-21. | |